000 00631nam a2200217 a 4500
999 _c2886
_d2886
001 2886
003 BD-JhCC
005 20171107202844.0
008 171107s1392 bg ||||| |||| 00| 0 en d
035 _a(BD-JhCC)2886
040 _aBD-JhCC
_dBD-JhCC
041 _aben
082 _a891.443
_bGHU 1392
100 _aগুহা, বুদ্ধদেব
245 _aরুআহা /
_cবুদ্ধদেব গুহা
260 _aকলিকাতা :
_bআনন্দ পাবলিশার্স,
_c১৩৯২
300 _a174 p. :
_c18cm.
650 _aBengali Novel
942 _2ddc
_cBK